[Event "Stuttgarter Stadtmeisterschaft B-Turnier"]
[Site "Ditzingen"]
[Date "2009.05.23"]
[Round "6.49"]
[White "Steimbach, Isabel"]
[Black "Lebeda, Lukas"]
[Result "1-0"]
[WhiteElo "1510"]
[BlackElo "1710"]
[PlyCount "39"]
[EventDate "2009.??.??"]
[WhiteTeam "SABT TV Neuenbürg 1859"]
[BlackTeam "SF Deizisau"]

1. e4 c5 2. Nf3 g6 3. d4 cxd4 4. Nxd4 Bg7 5. Nc3 Nc6 6. Be3 Nf6 7. Bc4 O-O 8.
O-O a6 9. Nf3 b5 10. Bb3 b4 11. Nd5 Nxe4 12. Bb6 Qe8 13. Nc7 Qd8 14. Nxa8 Qe8
15. Nc7 Qd8 16. Rb1 d6 17. Nd5 Qd7 18. Re1 Qf5 19. Ba4 e6 20. Bxc6 1-0

[Event "Stuttgarter Stadtmeisterschaft B-Turnier"]
[Site "Ditzingen"]
[Date "2009.05.23"]
[Round "6.50"]
[White "Matic, Marijo"]
[Black "Philippin, Otto"]
[Result "0-1"]
[WhiteElo "1491"]
[BlackElo "1697"]
[PlyCount "70"]
[EventDate "2009.??.??"]
[WhiteTeam "Stuttgarter SF 1879"]
[BlackTeam "SVG Vaihingen/Enz"]

1. e4 e5 2. Nf3 d6 3. d4 Nf6 4. Nc3 Nbd7 5. dxe5 dxe5 6. Bc4 h6 7. O-O c6 8. a4
Qc7 9. Qe2 Be7 10. h3 Nf8 11. Be3 g5 12. g4 Ng6 13. Bxf7+ Kxf7 14. Qc4+ Be6 15.
Qe2 Nf4 16. Bxf4 gxf4 17. Kh2 Rag8 18. Rg1 Nh7 19. Nb1 h5 20. g5 Bxg5 21. h4
Be7 22. Nbd2 Nf6 23. Ng5+ Rxg5 24. hxg5 Ng4+ 25. Kh1 Bxg5 26. f3 Bf6 27. b4 Ne3
28. c4 Qe7 29. c5 Bh4 30. Rac1 Bg3 31. Rg2 Nxg2 32. Qxg2 Qh4+ 33. Kg1 Bh3 34.
Qe2 Rg8 35. Qc4+ Kf6 0-1

[Event "Stuttgarter Stadtmeisterschaft B-Turnier"]
[Site "Ditzingen"]
[Date "2009.05.23"]
[Round "6.51"]
[White "Trobonjaca, Milos"]
[Black "Zeyer, Gabriel"]
[Result "0-1"]
[WhiteElo "1665"]
[BlackElo "1461"]
[PlyCount "168"]
[EventDate "2009.??.??"]
[WhiteTeam "SC Waiblingen 1921"]
[BlackTeam "SV Fellbach"]

1. d4 c6 2. Bf4 Nf6 3. Nf3 d5 4. Nc3 Bg4 5. e3 Nbd7 6. Be2 e6 7. a3 Be7 8. Qd2
O-O 9. O-O-O c5 10. Kb1 cxd4 11. Nxd4 e5 12. f3 exd4 13. Qxd4 Be6 14. g4 Bc5
15. Qd2 a6 16. h4 Re8 17. h5 Kh8 18. h6 Rg8 19. Rh2 Nf8 20. Be5 Ng6 21. hxg7+
Rxg7 22. Bg3 Bd6 23. f4 Bxg4 24. Bxg4 Nxg4 25. Rh3 Nf6 26. Nxd5 Ne4 27. Qh2
Nxg3 28. Rxg3 Qh4 29. Rh3 Qd8 30. Rh1 Nf8 31. e4 Rc8 32. e5 Bxe5 33. fxe5 Qxd5
34. Rh5 Qe4 35. Rh4 Qg6 36. Rb4 Qg2 37. Qh5 Qxc2+ 38. Ka1 b5 39. Qh6 Qc6 40.
Qh3 Qe6 41. Qh2 Rc5 42. Re4 Nd7 43. Rh4 Nf8 44. Re4 Qf5 45. Ree1 Ng6 46. Rhf1
Qe6 47. Rf6 Qe7 48. Rf5 Qe6 49. Rf6 Qc8 50. e6 Rc1+ 51. Rxc1 Qxc1+ 52. Ka2 Qc4+
53. b3 Qc5 54. exf7 Qe7 55. Qf2 Nf8 56. Rf3 h6 57. Rf6 Kh7 58. Qf5+ Rg6 59.
Rxa6 Kg7 60. Rxg6+ Nxg6 61. f8=Q+ Qxf8 62. Qxb5 Nf4 63. a4 h5 64. Qg5+ Kh7 65.
a5 Qd6 66. Qb5 Nd5 67. Qb7+ Kh6 68. Kb2 Qe5+ 69. Ka2 Nc3+ 70. Ka3 Qxa5+ 71. Kb2
Qe5 72. Qc6+ Kg5 73. Qxc3 Qxc3+ 74. Kxc3 h4 75. b4 h3 76. b5 h2 77. Kc4 h1=Q
78. Kc5 Qb7 79. b6 Kf5 80. Kb5 Ke5 81. Kc5 Ke6 82. Kb5 Kd5 83. Ka5 Kc4 84. Ka4
Qa6# 0-1

[Event "Stuttgarter Stadtmeisterschaft B-Turnier"]
[Site "Ditzingen"]
[Date "2009.05.23"]
[Round "6.52"]
[White "Hartmann, Anatoli"]
[Black "Grunow, Carmen"]
[Result "1-0"]
[WhiteElo "1642"]
[BlackElo "1486"]
[PlyCount "41"]
[EventDate "2009.??.??"]
[WhiteTeam "SC Gross-Sachsenheim"]
[BlackTeam "SF Biberach"]

1. d4 d5 2. Bf4 Nf6 3. e3 Nc6 4. Nc3 a6 5. Nf3 e6 6. a3 Be7 7. Ne5 Nxe5 8. Bxe5
Bd6 9. Bxd6 Qxd6 10. g3 O-O 11. Bg2 c6 12. O-O Re8 13. Na4 Nd7 14. b4 b6 15.
Nb2 c5 16. c3 c4 17. Qd2 Nf6 18. Nxc4 b5 19. Nxd6 Rd8 20. Nxc8 Raxc8 21. a4 1-0

[Event "Stuttgarter Stadtmeisterschaft B-Turnier"]
[Site "Ditzingen"]
[Date "2009.05.23"]
[Round "6.53"]
[White "Schäfer-Siebert, Carsten"]
[Black "Reiß, Michael"]
[Result "1-0"]
[WhiteElo "1596"]
[BlackElo "1358"]
[PlyCount "91"]
[EventDate "2009.??.??"]
[WhiteTeam "SAbt TSV Münchingen"]
[BlackTeam "SK 1926 Ettlingen"]

1. f4 d5 2. Nf3 Nf6 3. e3 Bg4 4. Be2 Nc6 5. O-O e6 6. b3 Bc5 7. Bb2 Qe7 8. Ne5
Bxe2 9. Qxe2 Nxe5 10. fxe5 Nd7 11. d4 Bb6 12. a4 c5 13. Nd2 O-O 14. Rf3 Rfd8
15. Raf1 Rac8 16. c3 a6 17. Rh3 Qg5 18. Rg3 Qh4 19. Qd3 h6 20. Rf4 Qe7 21. Rfg4
Qf8 22. Rh3 Kh8 23. Nf3 cxd4 24. exd4 f5 25. exf6 Nxf6 26. Ne5 Kg8 27. Rxh6 Bc7
28. Qh3 Bxe5 29. Rh8+ Kf7 30. Rxf8+ Rxf8 31. dxe5 Nxg4 32. Qxg4 Rce8 33. Ba3
Rh8 34. Qb4 b5 35. axb5 axb5 36. Qxb5 Rc8 37. Qd7+ Kg6 38. Qxe6+ Kh7 39. Qf5+
Kh6 40. Bc1+ g5 41. Bxg5+ Kg7 42. Qf6+ Kg8 43. e6 Kh7 44. Qh6+ Kg8 45. Qg6+ Kf8
46. Qf7# 1-0

[Event "Stuttgarter Stadtmeisterschaft B-Turnier"]
[Site "Ditzingen"]
[Date "2009.05.23"]
[Round "6.54"]
[White "Wolff, Cascal"]
[Black "Sigmund, Wolfgang"]
[Result "1/2-1/2"]
[WhiteElo "1802"]
[BlackElo "1484"]
[PlyCount "29"]
[EventDate "2009.??.??"]
[WhiteTeam "SAbt TSV Willsbach"]
[BlackTeam "SC Eberbach"]

1. f4 d5 2. Nf3 Nf6 3. e3 c5 4. Bb5+ Bd7 5. Bxd7+ Nbxd7 6. b3 g6 7. Bb2 Bg7 8.
O-O O-O 9. d3 Qc7 10. Qc1 Rfe8 11. Re1 Bh6 12. Nbd2 d4 13. exd4 Bxf4 14. Qd1
cxd4 15. Bxd4 1/2-1/2

[Event "Stuttgarter Stadtmeisterschaft B-Turnier"]
[Site "Ditzingen"]
[Date "2009.05.23"]
[Round "6.55"]
[White "Wendland, Tobias"]
[Black "Winterkorn, Nikolaus"]
[Result "0-1"]
[WhiteElo "1622"]
[BlackElo "1449"]
[PlyCount "66"]
[EventDate "2009.??.??"]
[WhiteTeam "SV Backnang"]
[BlackTeam "SC Stuttgart-Ost e.V.82"]

1. d4 Nf6 2. c4 d6 3. Nc3 e6 4. e4 Be7 5. Be3 a6 6. f3 h6 7. Bd3 b6 8. Nge2
Nbd7 9. Qd2 Bb7 10. g4 c5 11. d5 Ne5 12. Rf1 Nxd3+ 13. Qxd3 e5 14. O-O-O Bc8
15. h4 Nh7 16. Rh1 Bxh4 17. Rdg1 Bg5 18. f4 exf4 19. Nxf4 Qe7 20. Kb1 Nf6 21.
Ng6 fxg6 22. Bxg5 Qe5 23. Bxf6 gxf6 24. Qd2 g5 25. Rh2 Qe7 26. Rgh1 Bxg4 27.
Rxh6 Rxh6 28. Rxh6 O-O-O 29. Na4 Qxe4+ 30. Ka1 Kc7 31. Rxf6 Qh1+ 32. Rf1 Qxf1+
33. Qd1 Qxd1# 0-1

[Event "Stuttgarter Stadtmeisterschaft B-Turnier"]
[Site "Ditzingen"]
[Date "2009.05.23"]
[Round "6.56"]
[White "Giugno, Carmelo"]
[Black "Schmidt, Tobias"]
[Result "1-0"]
[WhiteElo "1549"]
[BlackElo "1057"]
[PlyCount "41"]
[EventDate "2009.??.??"]
[WhiteTeam "Stuttgarter SF 1879"]
[BlackTeam "SC Tamm 74"]

1. d4 d5 2. c4 dxc4 3. Nc3 a6 4. a4 Nc6 5. Nf3 Bg4 6. e3 Na5 7. Be2 e6 8. O-O
Nf6 9. h3 Bxf3 10. Bxf3 c5 11. Qc2 cxd4 12. exd4 Qxd4 13. Rd1 Qb6 14. Bg5 Be7
15. Rab1 Rd8 16. Rxd8+ Bxd8 17. Be3 Qc7 18. g4 O-O 19. g5 Nd7 20. h4 g6 21. Ne4
{Rest unleserlich} 1-0

[Event "Stuttgarter Stadtmeisterschaft B-Turnier"]
[Site "Ditzingen"]
[Date "2009.05.23"]
[Round "6.57"]
[White "Sievers, Gerda"]
[Black "Schulz, Zdravko"]
[Result "1-0"]
[WhiteElo "1232"]
[BlackElo "1329"]
[PlyCount "76"]
[EventDate "2009.??.??"]
[WhiteTeam "SF Lichtenstein"]
[BlackTeam "SC-HP Böbl.1975 e.V."]

1. e4 e5 2. Nf3 Nc6 3. Bb5 d6 4. d4 exd4 5. Nxd4 Bd7 6. Nxc6 bxc6 7. Bd3 Nf6 8.
O-O Bg4 9. Qe1 Be7 10. Nc3 O-O 11. b3 Re8 12. Bb2 d5 13. h3 Bh5 14. f3 Bb4 15.
Qb1 d4 16. Nd1 Qd6 17. a3 Ba5 18. b4 Bb6 19. Nf2 c5 20. bxc5 Bxc5 21. Qc1 Qg3
22. Nh1 Qd6 23. a4 Bb6 24. a5 Bc5 25. Ba3 Bxa3 26. Rxa3 c5 27. Ra1 Rac8 28. f4
Nxe4 29. Bxe4 Rxe4 30. Ng3 Re3 31. Nf5 Qe6 32. Nxe3 dxe3 33. f5 Qe4 34. f6 Rd8
35. Re1 Rd2 36. Qxd2 Qa8 37. Qxe3 Kf8 38. Qxc5+ Kg8 1-0

[Event "Stuttgarter Stadtmeisterschaft B-Turnier"]
[Site "Ditzingen"]
[Date "2009.05.24"]
[Round "7.1"]
[White "Reichardt, Bernd"]
[Black "Lutz, Herbert"]
[Result "1-0"]
[WhiteElo "1729"]
[BlackElo "1893"]
[PlyCount "115"]
[EventDate "2009.??.??"]

1. e4 c6 2. d4 g6 3. c4 Bg7 4. Nf3 d6 5. Nc3 Nf6 6. h3 O-O 7. Be3 a6 8. a4 a5
9. Bd3 Na6 10. O-O Nd7 11. Qd2 e5 12. d5 Ndc5 13. Bc2 f5 14. Rad1 fxe4 15. Nxe4
Nxe4 16. Bxe4 c5 17. Bh6 Qe7 18. Bxg7 Kxg7 19. Qxa5 Bf5 20. Qe1 Nb4 21. b3 Nc2
22. Qe2 Nd4 23. Nxd4 exd4 24. Bd3 Qxe2 25. Bxe2 Bc2 26. Rd2 Bxb3 27. Rb2 Rae8
28. a5 Rxe2 29. Rxe2 Bxc4 30. Re7+ Rf7 31. Rfe1 Bxd5 32. f3 g5 33. Kf2 Kf6 34.
Re8 Rc7 35. Rf8+ Bf7 36. Rd8 Bg6 37. Rxd6+ Kf7 38. Re5 d3 39. Rdd5 c4 40. Rc5
Rd7 41. Red5 Re7 42. Rxc4 Re2+ 43. Kf1 Kf6 44. Rcd4 Ra2 45. Rd6+ Ke5 46. R6d5+
Kf6 47. h4 gxh4 48. Rxh4 Ke6 49. Rhd4 Kf6 50. g4 Rb2 51. f4 Be8 52. Rd6+ Kf7
53. Rb6 Bb5 54. Rxb7+ Ke6 55. Rb6+ Ke7 56. Rxb5 Rxb5 57. Rxd3 Rxa5 58. Kf2 1-0

[Event "Stuttgarter Stadtmeisterschaft B-Turnier"]
[Site "Ditzingen"]
[Date "2009.05.24"]
[Round "7.2"]
[White "Gibicar, Danijel"]
[Black "Faerber, Eric"]
[Result "1/2-1/2"]
[WhiteElo "1829"]
[BlackElo "1881"]
[PlyCount "37"]
[EventDate "2009.??.??"]

1. d4 Nf6 2. Nf3 g6 3. Nbd2 d5 4. e3 Bg7 5. b4 O-O 6. Be2 b6 7. O-O c5 8. c3
Ba6 9. Bxa6 Nxa6 10. Qa4 Nc7 11. bxc5 bxc5 12. Ba3 Nd7 13. Rab1 a6 14. c4 dxc4
15. Qxc4 cxd4 16. exd4 Nb5 17. Qb4 Nxa3 18. Qxa3 Nb6 19. Qa5 1/2-1/2

[Event "Stuttgarter Stadtmeisterschaft B-Turnier"]
[Site "Ditzingen"]
[Date "2009.05.24"]
[Round "7.3"]
[White "Klaus, Michael"]
[Black "Helfrich, Leo"]
[Result "1-0"]
[WhiteElo "1897"]
[BlackElo "1701"]
[PlyCount "115"]
[EventDate "2009.??.??"]

1. d4 g6 2. c4 Bg7 3. Nc3 c5 4. e3 cxd4 5. exd4 Nf6 6. Nf3 O-O 7. Bd3 d6 8. O-O
Bg4 9. h3 Bxf3 10. Qxf3 Nc6 11. Be3 Nd7 12. Ne2 e5 13. Qe4 Nb4 14. Bd2 f5 15.
Qe3 f4 16. Qf3 Nxd3 17. Qxd3 Qf6 18. dxe5 Nxe5 19. Qd5+ Kh8 20. f3 Rac8 21. b3
g5 22. Qxb7 Rce8 23. Bc3 Qf5 24. Qxa7 Rf7 25. Qa5 Qd3 26. Rae1 h5 27. Qd5 Qg6
28. Nd4 g4 29. fxg4 hxg4 30. hxg4 Rf6 31. g5 Qxg5 32. Nf3 Nxf3+ 33. Qxf3 Qc5+
34. Qf2 Re3 35. Bxf6 Bxf6 36. Rxe3 Bd4 37. Qh4+ Kg7 38. Qe7+ Kg6 39. Qe4+ Kg7
40. Rff3 Bxe3+ 41. Rxe3 fxe3 42. Kf1 Qg5 43. Ke2 Qa5 44. Qd4+ Kh7 45. a4 Qg5
46. Qe4+ Kg7 47. Kd3 Qg3 48. Qxe3 Qxg2 49. Qd4+ Kf8 50. Qxd6+ Ke8 51. Qe5+ Kf8
52. Kc3 Qg1 53. Kb4 Qb1 54. a5 Qa2 55. Qd6+ Ke8 56. a6 Qa1 57. Qc5 Kd8 58. Qa5+
1-0

[Event "Stuttgarter Stadtmeisterschaft B-Turnier"]
[Site "Ditzingen"]
[Date "2009.05.24"]
[Round "7.4"]
[White "Schmidt, Markus"]
[Black "Zuferi, Enis"]
[Result "0-1"]
[WhiteElo "1794"]
[BlackElo "1888"]
[PlyCount "58"]
[EventDate "2009.??.??"]

1. d4 Nf6 2. c4 c5 3. d5 b5 4. Nc3 b4 5. Na4 d6 6. Qc2 g6 7. e4 Bg7 8. Rb1 Nxe4
9. Bd3 Nf6 10. Ne2 O-O 11. Bg5 e6 12. O-O exd5 13. cxd5 Qc7 14. Rbd1 Nbd7 15.
b3 Bb7 16. Bc4 Nb6 17. Rd3 Nfd7 18. f4 Nxa4 19. bxa4 f5 20. Kh1 Nb6 21. Ng1
Nxc4 22. Qxc4 a5 23. Re1 Ba6 24. Qc2 Bxd3 25. Qxd3 Rfe8 26. Re6 Qd7 27. Qe2 Kf7
28. Be7 Rxe7 29. Nf3 Bf6 0-1

[Event "Stuttgarter Stadtmeisterschaft B-Turnier"]
[Site "Ditzingen"]
[Date "2009.05.24"]
[Round "7.5"]
[White "Zimmermann, Tobias"]
[Black "Lerner, Jürgen"]
[Result "1/2-1/2"]
[WhiteElo "1729"]
[BlackElo "1874"]
[PlyCount "31"]
[EventDate "2009.??.??"]

1. e4 c6 2. d4 d5 3. exd5 cxd5 4. c4 Nf6 5. Nc3 e6 6. Nf3 Bb4 7. a3 Be7 8. Bd3
dxc4 9. Bxc4 O-O 10. O-O Qc7 11. Qe2 a6 12. Re1 Bd6 13. Bg5 Nbd7 14. Rac1 Re8
15. Ne4 Nxe4 16. Qxe4 1/2-1/2

[Event "Stuttgarter Stadtmeisterschaft B-Turnier"]
[Site "Ditzingen"]
[Date "2009.05.24"]
[Round "7.6"]
[White "Huynh, Nhi Lang"]
[Black "Riegel, Frank"]
[Result "0-1"]
[WhiteElo "1841"]
[BlackElo "1811"]
[PlyCount "70"]
[EventDate "2009.??.??"]

1. d4 d5 2. c4 e6 3. Nc3 Nf6 4. Nf3 c6 5. cxd5 exd5 6. Bf4 Bb4 7. Qb3 Qb6 8. e3
Ne4 9. Rc1 Bf5 10. Be2 Nd7 11. O-O Bxc3 12. bxc3 Bg4 13. Rfd1 g5 14. Bg3 h5 15.
h3 Nxg3 16. fxg3 Bf5 17. Nxg5 Qc7 18. e4 Rg8 19. Bf3 Rxg5 20. exf5 Qxg3 21.
Re1+ Kf8 22. Kh1 Rxf5 23. Qxb7 Rb8 24. Qxd7 Rxf3 25. Qe7+ Kg8 26. Re5 f6 27.
Qe6+ Kg7 28. Qd7+ Kg6 29. Re7 Rg8 30. Rh7 Rf2 31. Qf7+ Kf5 32. Rxh5+ Ke4 33.
Re1+ Kd3 34. Qh7+ Kc4 35. Rg1 Rxg2 0-1

[Event "Stuttgarter Stadtmeisterschaft B-Turnier"]
[Site "Ditzingen"]
[Date "2009.05.24"]
[Round "7.7"]
[White "Kühnel, Lena"]
[Black "Stadler, Marcus"]
[Result "1/2-1/2"]
[WhiteElo "1728"]
[BlackElo "1828"]
[PlyCount "73"]
[EventDate "2009.??.??"]

1. e4 d6 2. d4 Nf6 3. Nc3 g6 4. Nf3 c6 5. Bd3 Bg7 6. O-O O-O 7. h3 Nbd7 8. Re1
e5 9. d5 cxd5 10. Nxd5 Nxd5 11. exd5 f5 12. Bf1 h6 13. c4 Nc5 14. b4 e4 15. Nd4
Nd3 16. Bxd3 Bxd4 17. Bxh6 Bxa1 18. Qxa1 Rf7 19. Bf1 g5 20. Qc1 f4 21. h4 gxh4
22. Bxf4 Qf6 23. Rxe4 Bf5 24. Bg5 Qg6 25. Rxh4 Rh7 26. Rxh7 Qxh7 27. Qf4 Qd7
28. Bh6 Re8 29. Qg3+ Kh7 30. Bf4 Re4 31. Bxd6 Qa4 32. Qf3 Kg6 33. Qg3+ Kf7 34.
Qf3 Kg6 35. Qg3+ Kf7 36. Qf3 Kg6 37. g4 1/2-1/2

[Event "Stuttgarter Stadtmeisterschaft B-Turnier"]
[Site "Ditzingen"]
[Date "2009.05.24"]
[Round "7.8"]
[White "Wolff, Sidney Robert"]
[Black "Felser, Martin"]
[Result "1-0"]
[WhiteElo "1716"]
[BlackElo "1894"]
[PlyCount "59"]
[EventDate "2009.??.??"]

1. f4 d5 2. Nf3 c5 3. e3 Nf6 4. b3 g6 5. Bb2 Bg7 6. Be2 Nc6 7. O-O O-O 8. Ne5
Nd7 9. Nxc6 bxc6 10. Bxg7 Kxg7 11. d4 e6 12. dxc5 Qf6 13. Qd4 e5 14. fxe5 Qxe5
15. Bd3 Re8 16. b4 Nf6 17. Qxe5 Rxe5 18. Re1 Bd7 19. h3 Rae8 20. Kf2 d4 21. e4
Nd5 22. a3 f5 23. Nd2 Ne3 24. exf5 Bxf5 25. Nf3 Rd5 26. Bxf5 Rxf5 27. Rac1 Ref8
28. Kg1 Nd5 29. Nxd4 R5f6 30. Ne6+ 1-0

[Event "Stuttgarter Stadtmeisterschaft B-Turnier"]
[Site "Ditzingen"]
[Date "2009.05.24"]
[Round "7.9"]
[White "Zehring, Mathias"]
[Black "Herdt, Wladimir"]
[Result "1-0"]
[WhiteElo "1753"]
[BlackElo "1862"]
[PlyCount "93"]
[EventDate "2009.??.??"]

1. e4 e6 2. d4 d5 3. exd5 exd5 4. Bd3 Nf6 5. Bg5 Be7 6. Nf3 Bg4 7. Nbd2 Nc6 8.
c3 h6 9. Be3 O-O 10. Qc2 Re8 11. O-O-O a6 12. h3 Be6 13. g4 Ne4 14. Kb1 f5 15.
gxf5 Bxf5 16. Nxe4 dxe4 17. Bxe4 Bxe4 18. Qxe4 Bg5 19. Qd3 Bxe3 20. fxe3 Qe7
21. Rde1 Rad8 22. e4 Kh8 23. e5 b5 24. Qe4 Qe6 25. Rhg1 Ne7 26. Qg4 Qxg4 27.
Rxg4 g5 28. h4 gxh4 29. Rxh4 Ng8 30. Rg1 Rd7 31. Ng5 Rg7 32. Rgg4 Rf8 33. Ne6
Rf1+ 34. Kc2 Rxg4 35. Rxg4 Rf7 36. Rf4 Rxf4 37. Nxf4 c6 38. Kd3 Ne7 39. Ke4 Kg7
40. b3 Ng6 41. Nxg6 Kxg6 42. c4 bxc4 43. bxc4 h5 44. d5 cxd5+ 45. cxd5 h4 46.
d6 h3 47. Kf3 1-0

[Event "Stuttgarter Stadtmeisterschaft B-Turnier"]
[Site "Ditzingen"]
[Date "2009.05.24"]
[Round "7.10"]
[White "Knolmayer, Volker"]
[Black "Kvetny, Mark"]
[Result "1/2-1/2"]
[WhiteElo "1700"]
[BlackElo "1858"]
[PlyCount "52"]
[EventDate "2009.??.??"]

1. e4 c5 2. Nc3 Nc6 3. Nf3 d6 4. d4 cxd4 5. Nxd4 Nf6 6. Nxc6 bxc6 7. Bd3 e5 8.
O-O Be7 9. f4 Qb6+ 10. Kh1 O-O 11. fxe5 dxe5 12. Qe1 Rd8 13. h3 Be6 14. Qg3 Qd4
15. Be3 Qd6 16. a3 c5 17. Be2 Rab8 18. b3 a5 19. Rad1 Qc7 20. Bg5 Kh8 21. Bxf6
Bxf6 22. Nd5 Bxd5 23. exd5 Rd6 24. Bc4 e4 25. Qf4 Re8 26. Rde1 Qd7 1/2-1/2

[Event "Stuttgarter Stadtmeisterschaft B-Turnier"]
[Site "Ditzingen"]
[Date "2009.05.24"]
[Round "7.11"]
[White "Hamm, Lukas"]
[Black "Liebetruth, Jimmy"]
[Result "1-0"]
[WhiteElo "1655"]
[BlackElo "1788"]
[PlyCount "97"]
[EventDate "2009.??.??"]
[WhiteTeam "SV Stuttgart-Wolfbusch 1956 e.V."]
[BlackTeam "SF Birkenfeld"]

1. e4 e6 2. d3 d5 3. Nd2 d4 4. Ngf3 c5 5. g3 Nc6 6. Bg2 e5 7. Nc4 Qc7 8. O-O
Bg4 9. Qe1 b5 10. Ncd2 Nf6 11. h3 Bd7 12. Qe2 Bd6 13. Re1 Qc8 14. Qf1 Nb4 15.
Nxe5 Bxe5 16. f4 Bc7 17. e5 Nfd5 18. Ne4 O-O 19. Nxc5 Bc6 20. Qf2 Bb6 21. Ne4
Ne3 22. Bxe3 dxe3 23. Qe2 Rb8 24. c3 Nd5 25. Kh2 Qe6 26. a3 f5 27. Ng5 Qg6 28.
Bf3 h6 29. Bh5 Qxh5 30. Qxh5 hxg5 31. Qxg5 Be8 32. c4 Bd8 33. Qxd8 Rxd8 34.
cxd5 Rxd5 35. Rxe3 Bh5 36. Rc1 Rfd8 37. Rc3 Bf7 38. g4 Be6 39. Kg3 a5 40. Kh4
Kf7 41. Kg5 b4 42. axb4 fxg4 43. hxg4 axb4 44. Rc7+ Kf8 45. f5 Bg8 46. e6 Re8
47. Kg6 Rd4 48. e7+ Rxe7 49. Rc8+ 1-0

[Event "Stuttgarter Stadtmeisterschaft B-Turnier"]
[Site "Ditzingen"]
[Date "2009.05.24"]
[Round "7.12"]
[White "Baelz, Juergen"]
[Black "Maisch, Julian"]
[Result "1/2-1/2"]
[WhiteElo "1776"]
[BlackElo "1757"]
[PlyCount "84"]
[EventDate "2009.??.??"]
[WhiteTeam "SAbt TSV Willsbach"]
[BlackTeam "SF 59 Kornwestheim"]

1. Nf3 Nf6 2. c4 g6 3. b4 Bg7 4. Bb2 O-O 5. g3 c6 6. Bg2 Qb6 7. Qb3 Ne4 8. O-O
a5 9. Bxg7 Kxg7 10. Nc3 Nf6 11. b5 d6 12. d4 cxb5 13. Qxb5 Nbd7 14. Rab1 Qxb5
15. Rxb5 b6 16. Nd2 Rb8 17. Rfb1 Ba6 18. R5b2 Rfc8 19. Nb5 Bxb5 20. Rxb5 Kf8
21. e3 e6 22. h3 Ke7 23. f4 Ne8 24. Kf2 Nc7 25. R5b3 f5 26. R1b2 Ne8 27. Bf1
Nef6 28. Bd3 d5 29. cxd5 exd5 30. Bb5 Kd6 31. Ke2 Rc7 32. Bxd7 Nxd7 33. a4 Rbc8
34. Kd3 Rc1 35. Nf3 Ra1 36. Ne5 Rxa4 37. Nxd7 Kxd7 38. Rxb6 Ra3+ 39. R2b3 Rxb3+
40. Rxb3 Kc6 41. Kc3 Rc7 42. Rb8 Rb7 1/2-1/2

[Event "Stuttgarter Stadtmeisterschaft B-Turnier"]
[Site "Ditzingen"]
[Date "2009.05.24"]
[Round "7.13"]
[White "Köller, Horst"]
[Black "Scheuer, Volker"]
[Result "1/2-1/2"]
[WhiteElo "1603"]
[BlackElo "1775"]
[PlyCount "64"]
[EventDate "2009.??.??"]
[WhiteTeam "SC Leinfelden"]
[BlackTeam "SV Balingen"]

1. d4 d5 2. e3 Nf6 3. Bd3 c6 4. f4 Bg4 5. Nf3 Nbd7 6. O-O Qc7 7. h3 Bxf3 8.
Qxf3 e6 9. a4 Bd6 10. Na3 a6 11. c3 c5 12. Bd2 c4 13. Bc2 g6 14. g4 Ke7 15. e4
Nxe4 16. Bxe4 dxe4 17. Qxe4 Bxa3 18. Rxa3 Qc6 19. Qxc6 bxc6 20. b4 cxb3 21.
Rxb3 Rhb8 22. Rfb1 Rxb3 23. Rxb3 Rb8 24. Rxb8 Nxb8 25. Kf2 Kd6 26. c4 c5 27.
Ke3 Nc6 28. Bc3 cxd4+ 29. Bxd4 Nxd4 30. Kxd4 f6 31. c5+ Kc6 32. g5 fxg5 1/2-1/2

[Event "Stuttgarter Stadtmeisterschaft B-Turnier"]
[Site "Ditzingen"]
[Date "2009.05.24"]
[Round "7.14"]
[White "Geilfuß, Alexander"]
[Black "Schnorr, Christian"]
[Result "1/2-1/2"]
[WhiteElo "1555"]
[BlackElo "1766"]
[PlyCount "43"]
[EventDate "2009.??.??"]
[WhiteTeam "SF Biberach"]
[BlackTeam "SV Stuttgart-Wolfbusch 1956 e.V."]

1. d4 Nf6 2. c4 e5 3. dxe5 Ng4 4. Nf3 Bc5 5. e3 Nc6 6. h3 Ngxe5 7. Be2 O-O 8.
O-O a5 9. Nc3 Re8 10. b3 Nxf3+ 11. Bxf3 Ne5 12. Be4 Ra6 13. Bb2 Rh6 14. Nd5
Nxc4 15. Bxh7+ Kxh7 16. Qd3+ Kg8 17. Qxc4 d6 18. Nf4 Qg5 19. Kh2 Qf5 20. Qc3
Qe5 21. Qd2 Qg5 22. Qxa5 1/2-1/2

[Event "Stuttgarter Stadtmeisterschaft B-Turnier"]
[Site "Ditzingen"]
[Date "2009.05.24"]
[Round "7.15"]
[White "Schnorr, Elke"]
[Black "Schäfer-Siebert, Heiko"]
[Result "1/2-1/2"]
[WhiteElo "1765"]
[BlackElo "1899"]
[PlyCount "34"]
[EventDate "2009.??.??"]
[WhiteTeam "SV Stuttgart-Wolfbusch 1956 e.V."]
[BlackTeam "SAbt TSV Münchingen"]

1. d4 Nf6 2. Nf3 e6 3. e3 b6 4. Nbd2 Bb7 5. Bd3 d5 6. O-O Bd6 7. Re1 O-O 8. c3
c5 9. Qe2 cxd4 10. exd4 Nbd7 11. Ne5 Re8 12. Ndf3 Ne4 13. Nxd7 Qxd7 14. Ne5
Bxe5 15. dxe5 Nc5 16. Bc2 Ba6 17. Qf3 d4 1/2-1/2

[Event "Stuttgarter Stadtmeisterschaft B-Turnier"]
[Site "Ditzingen"]
[Date "2009.05.24"]
[Round "7.16"]
[White "Strauss, Martin"]
[Black "Lörincz, Benjamin"]
[Result "1/2-1/2"]
[WhiteElo "1660"]
[BlackElo "1898"]
[PlyCount "82"]
[EventDate "2009.??.??"]
[WhiteTeam "SC Sillenbuch"]
[BlackTeam "SK Lauffen"]

1. e4 d6 2. d4 g6 3. Nc3 Bg7 4. Nf3 Nf6 5. Bc4 O-O 6. O-O Nc6 7. Re1 e5 8. dxe5
dxe5 9. Qxd8 Rxd8 10. Bg5 h6 11. Bxf6 Bxf6 12. Nd5 Bg7 13. Nxc7 Rb8 14. Rad1
Bg4 15. c3 a6 16. h3 Bxf3 17. gxf3 Rxd1 18. Rxd1 Rd8 19. Bd5 Kf8 20. Bb3 Rxd1+
21. Bxd1 Ke7 22. Bb3 Nd8 23. Kf1 Kd7 24. Nd5 Ne6 25. Nb6+ Kc6 26. Bxe6 Kxb6 27.
Bxf7 g5 28. Ke2 Bf8 29. Kd3 Bc5 30. Kc4 Bxf2 31. Kd5 Bg3 32. c4 Kc7 33. c5 b6
34. cxb6+ Kxb6 35. Be8 Bf4 36. Ke6 Kc5 37. Kf5 a5 38. Bd7 Kd6 39. Be8 Kc5 40.
Bh5 Kd4 41. a3 Kc5 1/2-1/2

[Event "Stuttgarter Stadtmeisterschaft B-Turnier"]
[Site "Ditzingen"]
[Date "2009.05.24"]
[Round "7.17"]
[White "Steiert, Roland"]
[Black "Rieder, Josef"]
[Result "0-1"]
[WhiteElo "1735"]
[BlackElo "1879"]
[PlyCount "211"]
[EventDate "2009.??.??"]
[WhiteTeam "SK Freiburg-Wiehre 2000 e.V."]
[BlackTeam "Stuttgarter SF 1879"]

1. d4 Nf6 2. c4 e6 3. g3 Bb4+ 4. Bd2 Bxd2+ 5. Nxd2 d5 6. Bg2 O-O 7. Ngf3 c6 8.
Qc2 Nbd7 9. O-O Re8 10. Ne5 Nxe5 11. dxe5 Ng4 12. Nf3 Qc7 13. Qc3 f6 14. exf6
Nxf6 15. Rad1 b6 16. Nd2 c5 17. e3 Bb7 18. a4 Rad8 19. Rfe1 e5 20. cxd5 Bxd5
21. e4 Bc6 22. a5 Kh8 23. Rc1 Rd4 24. f3 Red8 25. Nf1 Ba4 26. h4 Ne8 27. Qa3
Qd7 28. Kh2 Nd6 29. b3 Bc6 30. Qa1 Nf7 31. Bh3 Qd6 32. Kg1 Rd3 33. Ne3 Qd4 34.
Qxd4 exd4 35. Nf1 Rxf3 36. b4 d3 37. Nd2 Rxg3+ 38. Kh2 Rg6 39. e5 Nxe5 40. Rxe5
Rf8 41. Rf1 Rxf1 42. Bxf1 Rf6 43. Kg1 cxb4 44. Bg2 g6 45. Bxc6 Rxc6 46. Re8+
Kg7 47. Re7+ Kh6 48. a6 Rc1+ 49. Kf2 b3 50. Nxb3 Rc2+ 51. Kf3 Rb2 52. Nd4 Rb4
53. Rd7 Ra4 54. Nc6 Rxa6 55. Ne5 g5 56. Nf7+ Kg6 57. Nxg5 h6 58. Ne6 Ra3 59.
Nf4+ Kf6 60. Ke3 Kf5 61. Nxd3 Kg4 62. Rd4+ Kg3 63. h5 Ra5 64. Nf4 Re5+ 65. Kd3
Rf5 66. Ne2+ Kf3 67. Rh4 Ra5 68. Nc3 Kg3 69. Rh1 Kg4 70. Ne4 Ra3+ 71. Kd4 Ra2
72. Nf6+ Kg5 73. Rf1 Ra4+ 74. Ke5 Ra5+ 75. Ke6 Ra4 76. Rg1+ Kf4 77. Rg6 Ra1 78.
Nd5+ Ke4 79. Rxh6 b5 80. Nf6+ Kf4 81. Rg6 Ra6+ 82. Kf7 Kf5 83. h6 Rc6 84. h7
Rc7+ 85. Kf8 Rxh7 86. Rg1 Kxf6 87. Rf1+ Ke5 88. Rb1 Rb7 89. Ke8 a5 90. Kd8 b4
91. Kc8 Ra7 92. Kb8 Rd7 93. Kc8 Rd3 94. Kb7 Kd5 95. Kb6 Ra3 96. Kb5 Kd4 97. Rh1
Ra2 98. Rh4+ Ke3 99. Rh3+ Kf4 100. Kc4 Kg4 101. Rd3 Rf2 102. Kb3 Rf3 103. Kc2
Rxd3 104. Kxd3 a4 105. Kc4 b3 106. Kc3 0-1